| 000 | 00464nam a2200169Ia 4500 | ||
|---|---|---|---|
| 008 | 240729s9999 xx 000 0 und d | ||
| 022 | _a2663-4201 | ||
| 245 | 0 | _aBioscientific Review | |
| 260 | _aPakistan | ||
| 260 | _bUniversity of Management and Technology | ||
| 650 | _a Biology (General) | ||
| 650 | _a Microbiology | Science | ||
| 650 | _aScience | ||
| 856 | _uhttps://doaj.org/toc/a561646c09eb4c048d6a8679c6e8ef5b | ||
| 942 | _2ddc | ||
| 942 | _cDOAJEJ | ||
| 999 |
_c71228 _d71228 |
||
| 945 |
_a1 _bMadushi Gamage _c1 _dMadushi Gamage |
||